[Event "PNWCC vs Europe Hybrid 08"]
[Site "Chess.com INT"]
[Date "2022.08.22"]
[Round "8"]
[White "Gottumukkala, Anath"]
[Black "Vlashki, Nino"]
[Result "1-0"]
[WhiteElo "1927"]
[BlackElo "2184"]
[PlyCount "71"]
[EventDate "2022.08.19"]
[EventType "team-match"]
[EventRounds "8"]
[EventCountry "USA"]
[SourceTitle "EXT 2024"]
[Source "ChessBase"]
[SourceDate "2023.10.10"]
[SourceVersion "1"]
[SourceVersionDate "2023.10.10"]
[SourceQuality "1"]
[WhiteTeam "PNWCC"]
[BlackTeam "Europe"]
[WhiteTeamCountry "USA"]

1. e4 e6 2. d4 d5 3. Nc3 Bb4 4. e5 c5 5. a3 Bxc3+ 6. bxc3 Qa5 7. Bd2 Qa4 8. Qg4 Kf8 9. h4 Nc6 10. h5 h6 11. Qd1 b6 12. Nf3 Ba6 13. Rh4 Bxf1 14. Kxf1 c4 15. Rf4 Nge7 16. Nh4 Ke8 17. g4 Rb8 18. Ng2 b5 19. Ne3 Rb6 20. Rb1 Nd8 21. Bc1 Qa5 22. Bb2 Ra6 23. Qf3 Qc7 24. Ke2 Ra4 25. Rg1 a5 26. g5 b4 27. gxh6 gxh6 28. Ng4 Ng8 29. cxb4 c3 30. Qxc3 Qxc3 31. Bxc3 Rxa3 32. Rf3 axb4 33. Bxb4 Ra2 34. Rc3 Ra4 35. Rb1 Rh7 36. Rc7 1-0

[Event "PNWCC vs Europe Hybrid 08"]
[Site "Chess.com INT"]
[Date "2022.08.21"]
[Round "5"]
[White "Sivakumar, Shaaketh"]
[Black "Vlashki, Nino"]
[Result "0-1"]
[WhiteElo "2116"]
[BlackElo "2184"]
[PlyCount "60"]
[EventDate "2022.08.19"]
[EventType "team-match"]
[EventRounds "8"]
[EventCountry "USA"]
[SourceTitle "EXT 2024"]
[Source "ChessBase"]
[SourceDate "2023.10.10"]
[SourceVersion "1"]
[SourceVersionDate "2023.10.10"]
[SourceQuality "1"]
[WhiteTeam "PNWCC"]
[BlackTeam "Europe"]
[WhiteTeamCountry "USA"]

1. d4 Nf6 2. Nf3 g6 3. Nc3 d5 4. Bf4 c6 5. e3 Qb6 6. a3 Bg4 7. Rb1 Bg7 8. h3 Bxf3 9. Qxf3 Nbd7 10. Bd3 0-0 11. 0-0 Rfe8 12. Be5 Nxe5 13. dxe5 Nd7 14. e6 fxe6 15. Qg4 Kf7 16. Qh4 Nf8 17. Kh1 Kg8 18. e4 Qc5 19. f4 Bxc3 20. bxc3 dxe4 21. Bxe4 b6 22. Rf3 Rad8 23. Rbf1 Rd6 24. Qh6 Red8 25. Bd3 Qxc3 26. Bxg6 Qf6 27. f5 Rd1 28. Bf7+ Qxf7 29. fxe6 Rxf1+ 30. Kh2 Qg7 0-1

[Event "PNWCC vs Europe Hybrid 08"]
[Site "Chess.com INT"]
[Date "2022.08.19"]
[Round "2"]
[White "Vlashki, Nino"]
[Black "Jiang, Brandon"]
[Result "1-0"]
[WhiteElo "2184"]
[BlackElo "2060"]
[PlyCount "87"]
[EventDate "2022.08.19"]
[EventType "team-match"]
[EventRounds "8"]
[EventCountry "USA"]
[SourceTitle "EXT 2024"]
[Source "ChessBase"]
[SourceDate "2023.10.10"]
[SourceVersion "1"]
[SourceVersionDate "2023.10.10"]
[SourceQuality "1"]
[WhiteTeam "Europe"]
[BlackTeam "PNWCC"]
[BlackTeamCountry "USA"]

1. e4 e5 2. Nf3 Nc6 3. Bb5 f5 4. d3 fxe4 5. dxe4 Nf6 6. 0-0 Bc5 7. Qd3 d6 8. Qc4 Qe7 9. Nc3 a6 10. Bxc6+ bxc6 11. Ng5 a5 12. Na4 h6 13. Nxc5 dxc5 14. Qa4 0-0 15. Nf3 Bg4 16. Qc4+ Kh7 17. Ne1 Be6 18. Qe2 c4 19. Bd2 Nd7 20. a4 Qc5 21. Bc3 Nf6 22. h3 Nd7 23. Kh2 Qe7 24. Nf3 Bf7 25. Nd2 Qe6 26. f4 exf4 27. Rxf4 Ne5 28. Raf1 Ng6 29. Rf5 Nh4 30. Re5 Qd6 31. Kh1 Ng6 32. Rxa5 Rxa5 33. Bxa5 Be6 34. Rxf8 Qxf8 35. Bc3 Qc5 36. Qf3 Qg5 37. Kh2 Qc5 38. Qg3 Qe7 39. a5 Bc8 40. Nxc4 Qxe4 41. Qxc7 Ne7 42. Nd2 Qe6 43. Nf3 Nd5 44. Qxg7# 1-0

[Event "PNWCC-Bulgaria Memorial Day"]
[Site "Chess.com INT"]
[Date "2022.05.30"]
[Round "?"]
[White "Sivakumar, Shaaketh"]
[Black "Vlashki, Nino"]
[Result "1/2-1/2"]
[WhiteElo "2032"]
[BlackElo "2247"]
[PlyCount "63"]
[EventDate "2022.05.28"]
[EventType "team-match"]
[EventRounds "6"]
[EventCountry "USA"]
[SourceTitle "EXT 2024"]
[Source "ChessBase"]
[SourceDate "2023.10.10"]
[SourceVersion "1"]
[SourceVersionDate "2023.10.10"]
[SourceQuality "1"]
[WhiteTeam "PNWCC"]
[BlackTeam "Bulgaria"]
[WhiteTeamCountry "USA"]
[BlackTeamCountry "BUL"]

1. Nf3 Nf6 2. d4 g6 3. c4 Bg7 4. Nbd2 c5 5. d5 d6 6. e4 0-0 7. Bd3 b5 8. cxb5 a6 9. 0-0 axb5 10. Bxb5 Ne8 11. Qc2 Nc7 12. Be2 Nba6 13. a3 Rb8 14. Nc4 Nb5 15. Bd2 Bg4 16. Bc3 Bxf3 17. Bxf3 Nd4 18. Qd3 Nc7 19. a4 Na6 20. Nd2 Nb4 21. Qc4 Qc8 22. Be2 f5 23. Rad1 Qd7 24. exf5 Qxf5 25. Bf3 Qd3 26. Bg4 h5 27. Bxd4 Bxd4 28. Be2 Qf5 29. Nf3 Bxb2 30. Nh4 Qf6 31. Qe4 Kg7 32. Nf3 1/2-1/2

[Event "PNWCC-Bulgaria Memorial Day"]
[Site "Chess.com INT"]
[Date "2022.05.29"]
[Round "?"]
[White "Zaloznyy, Mike"]
[Black "Vlashki, Nino"]
[Result "1/2-1/2"]
[WhiteElo "2125"]
[BlackElo "2247"]
[PlyCount "50"]
[EventDate "2022.05.28"]
[EventType "team-match"]
[EventRounds "6"]
[EventCountry "USA"]
[SourceTitle "EXT 2024"]
[Source "ChessBase"]
[SourceDate "2023.10.10"]
[SourceVersion "1"]
[SourceVersionDate "2023.10.10"]
[SourceQuality "1"]
[WhiteTeam "PNWCC"]
[BlackTeam "Bulgaria"]
[WhiteTeamCountry "USA"]
[BlackTeamCountry "BUL"]

1. Nf3 Nf6 2. d4 g6 3. b3 c5 4. e3 cxd4 5. Nxd4 Bg7 6. Be2 0-0 7. 0-0 Nc6 8. Bb2 Nxd4 9. Bxd4 d6 10. c4 Bd7 11. Bf3 e5 12. Bb2 e4 13. Be2 Bc6 14. b4 b6 15. Nc3 d5 16. Qb3 dxc4 17. Bxc4 Ng4 18. h3 Ne5 19. Rfd1 Qe8 20. b5 Nxc4 21. Qxc4 Bxb5 22. Nxb5 Bxb2 23. Nd6 Qe7 24. Rab1 Rfd8 25. Nxe4 Bg7 1/2-1/2

[Event "PNWCC vs Europe Hybrid 05"]
[Site "Chess.com INT"]
[Date "2022.05.08"]
[Round "4"]
[White "Dixit, Arun"]
[Black "Vlashki, Nino"]
[Result "1/2-1/2"]
[WhiteElo "2238"]
[BlackElo "2247"]
[PlyCount "107"]
[EventDate "2022.05.07"]
[EventType "team-tourn"]
[EventRounds "4"]
[EventCountry "USA"]
[SourceTitle "EXT 2023"]
[Source "ChessBase"]
[SourceDate "2022.10.05"]
[SourceVersion "1"]
[SourceVersionDate "2022.10.05"]
[SourceQuality "1"]
[WhiteTeam "PNWCC"]
[BlackTeam "Europe"]
[WhiteTeamCountry "USA"]

1. d4 d6 2. e4 Nf6 3. Nc3 e5 4. Nf3 Nbd7 5. Be2 Be7 6. 0-0 0-0 7. dxe5 dxe5 8. h3 c6 9. a4 Qc7 10. Be3 Nc5 11. Bd3 Rd8 12. Qe2 Nxd3 13. cxd3 Nd7 14. d4 exd4 15. Nxd4 Nc5 16. Qc4 Be6 17. Nxe6 Nxe6 18. f4 Qa5 19. Rad1 Bc5 20. Bxc5 Qxc5+ 21. Qxc5 Nxc5 22. g3 a5 23. Kf2 Nd3+ 24. Ke2 Nxb2 25. Rxd8+ Rxd8 26. Rb1 Rd3 27. Rxb2 Rxc3 28. Rxb7 h5 29. Kf2 Rc4 30. e5 Rxa4 31. Rb8+ Kh7 32. Rc8 h4 33. Rxc6 Ra2+ 34. Kf3 Ra3+ 35. Kg4 hxg3 36. Rc2 g6 37. h4 a4 38. Kh3 Rf3 39. Rc4 a3 40. Ra4 Kh6 41. Ra7 Rxf4 42. Kxg3 Rf5 43. e6 fxe6 44. Rxa3 Re5 45. Ra7 Rb5 46. Re7 e5 47. Kg4 Rb4+ 48. Kg3 Re4 49. Kf3 Rf4+ 50. Kg3 Re4 51. Kf3 Rxh4 52. Rxe5 Ra4 53. Kg3 g5 54. Re8 1/2-1/2

[Event "BUL-chT2 64th"]
[Site "Sunny Beach"]
[Date "2015.06.06"]
[Round "7.2"]
[White "Atanasov, Radoslav"]
[Black "Vlashki, Nino"]
[Result "1/2-1/2"]
[WhiteElo "1985"]
[BlackElo "2230"]
[PlyCount "74"]
[EventDate "2015.05.31"]
[EventType "team-swiss"]
[EventRounds "7"]
[EventCountry "BUL"]
[SourceTitle "CBM 166 Extra"]
[Source "ChessBase"]
[SourceDate "2015.06.18"]
[SourceVersion "1"]
[SourceVersionDate "2015.06.18"]
[SourceQuality "1"]
[WhiteTeam "Pleven Spartak XXI"]
[BlackTeam "Slivnitsa Geroy"]
[WhiteTeamCountry "BUL"]
[BlackTeamCountry "BUL"]

1. e4 e6 2. d4 d5 3. exd5 exd5 4. Nf3 Bd6 5. Bd3 Nc6 6. 0-0 Nge7 7. Bg5 f6 8. Bh4 Nb4 9. Bb5+ c6 10. Be2 Bf5 11. Na3 a5 12. c3 Na6 13. Nc2 g5 14. Bg3 h5 15. Ne3 Be6 16. Re1 h4 17. Bxd6 Qxd6 18. Nd2 Nc7 19. Bg4 f5 20. Nxf5 Nxf5 21. Bxf5 0-0-0 22. Bxe6+ Nxe6 23. Qg4 Rh6 24. Nf3 Qf4 25. Qxf4 Nxf4 26. Ne5 Re8 27. h3 Rf6 28. Re3 b5 29. Rae1 Kc7 30. Ng4 Rfe6 31. Rxe6 Rxe6 32. Rxe6 Nxe6 33. g3 hxg3 34. fxg3 c5 35. dxc5 Nxc5 36. Ne3 Kd6 37. Kg2 Ke5 1/2-1/2

[Event "BUL-chT2"]
[Site "Sunny Beach"]
[Date "2014.09.21"]
[Round "3.2"]
[White "Vaklinov, Vasil"]
[Black "Vlashki, Nino"]
[Result "0-1"]
[WhiteElo "2166"]
[BlackElo "2253"]
[PlyCount "172"]
[EventDate "2014.09.19"]
[EventType "team-swiss"]
[EventRounds "7"]
[EventCountry "BUL"]
[SourceTitle "EXT 2015"]
[Source "ChessBase"]
[SourceDate "2014.11.20"]
[SourceVersion "1"]
[SourceVersionDate "2014.11.20"]
[SourceQuality "1"]
[WhiteTeam "Blagoevgrad Victory"]
[BlackTeam "Slivnitsa Geroy"]
[WhiteTeamCountry "BUL"]
[BlackTeamCountry "BUL"]

1. c4 Nf6 2. Nc3 g6 3. g3 Bg7 4. Bg2 0-0 5. e3 d6 6. Nge2 Nc6 7. 0-0 a6 8. d3 Bd7 9. h3 Rb8 10. b3 b5 11. Bb2 e6 12. Rc1 Ne7 13. Qc2 c5 14. Kh2 Qa5 15. Qb1 Rfc8 16. Qa1 Ne8 17. Rfd1 Bc6 18. Ne4 Bxb2 19. Qxb2 Bxe4 20. Bxe4 bxc4 21. dxc4 Qb4 22. Nc3 Kf8 23. Ne2 Ng8 24. Qd2 Ngf6 25. Bg2 Qxd2 26. Rxd2 h5 27. Nc3 Ke7 28. Rcd1 g5 29. f4 gxf4 30. gxf4 Rd8 31. Bf3 Nc7 32. e4 h4 33. Na4 a5 34. Nc3 e5 35. f5 Nh7 36. Bg4 f6 37. Bf3 Ng5 38. Bg2 Rb6 39. Na4 Rc6 40. Nc3 Rb8 41. Rd3 Kd7 42. Bh1 Ra6 43. Na4 Rc6 44. Nc3 Rb4 45. Bg2 Rb7 46. R3d2 Ra6 47. Na4 Ke7 48. Nc3 Ne8 49. Nd5+ Kf7 50. Nc3 Rd7 51. Na4 Rc6 52. Rd5 Rb7 53. R5d2 Ke7 54. Nc3 Rd7 55. Nd5+ Kf7 56. Nc3 Ng7 57. Nb5 Ke7 58. Rd3 Nh5 59. R3d2 Nf4 60. Nc3 Rb7 61. Rf1 Ra6 62. Rfd1 Rb8 63. Rf1 Rg8 64. Rxf4 exf4 65. Nd5+ Kf7 66. Nxf4 Re8 67. Re2 a4 68. Nd5 axb3 69. axb3 Ra3 70. Nc7 Rd8 71. Rb2 Rd7 72. Nb5 Ra1 73. Rd2 Ke7 74. Nc3 Re1 75. Nd5+ Kf7 76. Nc3 Re3 77. e5 fxe5 78. Nb5 Rxh3+ 79. Kg1 Rg3 80. Kf2 Ke7 81. Rd5 Rxb3 82. f6+ Ke6 83. Rd2 e4 84. Rd5 Rb2+ 85. Kf1 h3 86. Rxg5 hxg2+ 0-1

[Event "BUL-chT GpB 63rd"]
[Site "Sunny Beach"]
[Date "2013.09.19"]
[Round "1.2"]
[White "Vlashki, Nino"]
[Black "Stefanov, Plamen"]
[Result "1/2-1/2"]
[WhiteElo "2246"]
[BlackElo "2204"]
[PlyCount "88"]
[EventDate "2013.09.19"]
[EventType "team-tourn"]
[EventRounds "9"]
[EventCountry "BUL"]
[SourceTitle "CBM 156 Extra"]
[Source "ChessBase"]
[SourceDate "2013.10.22"]
[SourceVersion "1"]
[SourceVersionDate "2013.10.22"]
[SourceQuality "1"]
[WhiteTeam "Slivnitsa Geroy"]
[BlackTeam "Vratsa"]
[WhiteTeamCountry "BUL"]
[BlackTeamCountry "BUL"]

1. e4 d5 2. d3 dxe4 3. dxe4 Qxd1+ 4. Kxd1 Nc6 5. Be3 Bg4+ 6. f3 0-0-0+ 7. Nd2 Bh5 8. Bc4 e5 9. Ne2 Bb4 10. h4 f6 11. c3 Ba5 12. Ng3 Be8 13. Nf5 g6 14. Ng7 Bd7 15. h5 g5 16. Ke2 Bb6 17. Nf1 Na5 18. Bd3 c5 19. Nd2 Nh6 20. Nc4 Rhg8 21. Nf5 Bxf5 22. exf5 Rxd3 23. Nxb6+ axb6 24. Kxd3 Nxf5 25. Rae1 Rd8+ 26. Kc2 Nc4 27. Bc1 Kc7 28. g4 Nh4 29. b3 Na5 30. Re3 Nc6 31. Rd1 Rxd1 32. Kxd1 Ng2 33. Re2 Nf4 34. Bxf4 gxf4 35. h6 Kd6 36. g5 fxg5 37. Rg2 e4 38. Rxg5 exf3 39. Rf5 Ke6 40. Rxf4 Ne5 41. Rf8 Nf7 42. Rb8 Nxh6 43. Rxb7 Ng4 44. Rxh7 Ke5 1/2-1/2

[Event "BUL-ch sf 77th"]
[Site "Plovdiv"]
[Date "2013.02.14"]
[Round "5"]
[White "Kukov, Velislav"]
[Black "Vlashki, Nino"]
[Result "1-0"]
[WhiteElo "2392"]
[BlackElo "2217"]
[PlyCount "61"]
[EventDate "2013.02.11"]
[EventType "swiss (rapid)"]
[EventRounds "9"]
[EventCountry "RUS"]
[SourceTitle "CBM 152 Extra"]
[Source "ChessBase"]
[SourceDate "2013.02.25"]
[SourceVersion "1"]
[SourceVersionDate "2013.02.25"]
[SourceQuality "1"]

1. d4 d6 2. Nf3 g6 3. g3 Bg7 4. Bg2 f5 5. c4 Nf6 6. b4 0-0 7. Bb2 Qe8 8. Qb3 c6 9. 0-0 h6 10. Nbd2 g5 11. Rfe1 Qh5 12. e4 f4 13. e5 Nh7 14. exd6 exd6 15. Ne4 g4 16. Nh4 f3 17. Bf1 Rd8 18. d5 Bxb2 19. Qxb2 cxd5 20. cxd5 Qf7 21. Rac1 Na6 22. Bxa6 bxa6 23. Rc6 Re8 24. Qc3 Bd7 25. Rxd6 Rac8 26. Qa1 Bf5 27. Nf6+ Nxf6 28. Nxf5 Qh5 29. Rxf6 Qg5 30. Nxh6+ Kh7 31. Qb1+ 1-0

[Event "BUL-ch sf 77th"]
[Site "Plovdiv"]
[Date "2013.02.13"]
[Round "4"]
[White "Vlashki, Nino"]
[Black "Enchev, Ivajlo"]
[Result "1/2-1/2"]
[WhiteElo "2217"]
[BlackElo "2441"]
[PlyCount "69"]
[EventDate "2013.02.11"]
[EventType "swiss (rapid)"]
[EventRounds "9"]
[EventCountry "RUS"]
[SourceTitle "CBM 152 Extra"]
[Source "ChessBase"]
[SourceDate "2013.02.25"]
[SourceVersion "1"]
[SourceVersionDate "2013.02.25"]
[SourceQuality "1"]

1. e3 g6 2. f4 Bg7 3. Nf3 d6 4. d4 Nd7 5. Bc4 e6 6. e4 Ne7 7. Nc3 a6 8. a4 d5 9. Be2 dxe4 10. Nxe4 b6 11. Ne5 0-0 12. Bf3 Rb8 13. 0-0 Bb7 14. c3 Bd5 15. Be3 Nf6 16. Nxf6+ Bxf6 17. g3 Bg7 18. Qe2 a5 19. Rfd1 f6 20. Nd3 Nf5 21. Bf2 Qd7 22. g4 Nd6 23. Bg3 Rbe8 24. Qg2 Qc6 25. Rf1 f5 26. gxf5 Bxf3 27. Rxf3 exf5 28. h4 Qd5 29. h5 c5 30. hxg6 hxg6 31. Ne5 cxd4 32. Rd1 Qe6 33. cxd4 Ne4 34. Bh4 Bxe5 35. dxe5 1/2-1/2

[Event "Albena Masters op"]
[Site "Albena"]
[Date "2012.06.02"]
[Round "8"]
[White "Will, Matthias"]
[Black "Vlashki, Nino"]
[Result "0-1"]
[WhiteElo "2031"]
[BlackElo "2252"]
[PlyCount "70"]
[EventDate "2012.05.26"]
[EventType "swiss"]
[EventRounds "9"]
[EventCountry "BUL"]
[SourceTitle "CBM 148 Extra"]
[Source "ChessBase"]
[SourceDate "2012.06.22"]
[SourceVersion "1"]
[SourceVersionDate "2012.06.22"]
[SourceQuality "1"]

1. d4 e6 2. Nf3 f5 3. Bg5 Be7 4. Bxe7 Qxe7 5. c3 Nf6 6. Nbd2 b6 7. a4 a5 8. e3 Bb7 9. Be2 0-0 10. 0-0 d6 11. Qb3 Nbd7 12. Rad1 Kh8 13. Ng5 Nd5 14. Nh3 Rae8 15. c4 Nb4 16. Bf3 Ba6 17. Nf4 Nf6 18. Nd3 Nxd3 19. Qxd3 Qd7 20. b3 g5 21. g3 Re7 22. Rfe1 e5 23. dxe5 dxe5 24. Qxd7 Nxd7 25. Bc6 Nc5 26. Nf3 Rf6 27. Rd8+ Kg7 28. Ba8 Nxb3 29. Nxg5 Bxc4 30. Red1 Nc5 31. e4 h6 32. Nh3 fxe4 33. Bd5 Bxd5 34. R1xd5 Nxa4 35. Kf1 Nc3 0-1

[Event "Skopje Karposh op"]
[Site "Skopje"]
[Date "2012.04.14"]
[Round "9"]
[White "Savoglou, Nikolaos"]
[Black "Vlashki, Nino"]
[Result "1-0"]
[WhiteElo "2055"]
[BlackElo "2258"]
[PlyCount "57"]
[EventDate "2012.04.07"]
[EventType "swiss"]
[EventRounds "9"]
[EventCountry "MKD"]
[SourceTitle "CBM 147 Extra"]
[Source "ChessBase"]
[SourceDate "2012.04.24"]
[SourceVersion "1"]
[SourceVersionDate "2012.04.24"]
[SourceQuality "1"]

1. d4 Nf6 2. c4 g6 3. Nc3 Bg7 4. e4 0-0 5. Nf3 d6 6. h3 c6 7. Be2 a6 8. 0-0 b5 9. a3 Nfd7 10. Be3 bxc4 11. Bxc4 a5 12. Rc1 Ba6 13. Bxa6 Rxa6 14. b4 axb4 15. axb4 Nb6 16. b5 cxb5 17. Nxb5 d5 18. Nc7 Ra7 19. Nxd5 Nxd5 20. exd5 Rd7 21. Rc5 Na6 22. Rc4 Rxd5 23. Qc2 Rb5 24. Rb1 Rxb1+ 25. Qxb1 Nc7 26. Qb7 Nd5 27. Bg5 Qa8 28. Qb3 Rb8 29. Ra4 1-0

[Event "EU-ch 13th"]
[Site "Plovdiv"]
[Date "2012.03.31"]
[Round "11"]
[White "Abdulov, Orkhan Javanshir"]
[Black "Vlashki, Nino"]
[Result "1/2-1/2"]
[WhiteElo "2387"]
[BlackElo "2258"]
[PlyCount "74"]
[EventDate "2012.03.20"]
[EventType "swiss"]
[EventRounds "11"]
[EventCountry "BUL"]
[SourceTitle "CBM 148"]
[Source "ChessBase"]
[SourceDate "2012.05.16"]
[SourceVersion "1"]
[SourceVersionDate "2012.05.16"]
[SourceQuality "1"]

1. e4 e6 2. d4 d5 3. exd5 exd5 4. c4 Bb4+ 5. Nc3 Ne7 6. Bd3 Nbc6 7. Nge2 Bf5 8. 0-0 Bxd3 9. Qxd3 0-0 10. a3 Bxc3 11. bxc3 dxc4 12. Qxc4 Qd5 13. Qd3 Na5 14. Rb1 b6 15. Nf4 Qf5 16. Qxf5 Nxf5 17. Re1 Rae8 18. Kf1 c6 19. Rb2 Rxe1+ 20. Kxe1 f6 21. Re2 Kf7 22. Kd1 Rd8 23. Kc2 Ne7 24. Ne6 Rd7 25. g4 g6 26. f4 h6 27. f5 gxf5 28. gxf5 Nxf5 29. Nf4 Re7 30. Rf2 Ne3+ 31. Kd3 Ng4 32. Rg2 Nb3 33. Rxg4 Nxc1+ 34. Kc2 f5 35. Rg2 Re1 36. Rf2 b5 37. Rd2 Rf1 1/2-1/2

[Event "EU-ch 13th"]
[Site "Plovdiv"]
[Date "2012.03.27"]
[Round "7"]
[White "Baltag, Iulian"]
[Black "Vlashki, Nino"]
[Result "1-0"]
[WhiteElo "2420"]
[BlackElo "2258"]
[PlyCount "71"]
[EventDate "2012.03.20"]
[EventType "swiss"]
[EventRounds "11"]
[EventCountry "BUL"]
[SourceTitle "CBM 148"]
[Source "ChessBase"]
[SourceDate "2012.05.16"]
[SourceVersion "1"]
[SourceVersionDate "2012.05.16"]
[SourceQuality "1"]

1. e4 e6 2. Qe2 Be7 3. Nf3 d5 4. d3 Nf6 5. g3 b5 6. Bg2 dxe4 7. dxe4 b4 8. Nbd2 Ba6 9. Nc4 0-0 10. e5 Nd5 11. Qe4 Nd7 12. h4 Nc5 13. Qd4 Bxc4 14. Qxc4 Nb6 15. Qg4 Qd5 16. 0-0 Qc4 17. Qxc4 Nxc4 18. b3 Na5 19. a3 Ncb7 20. Nd4 bxa3 21. Bd2 Rad8 22. Bc3 a6 23. Bxb7 Nxb7 24. Nc6 Rde8 25. Rfd1 Bc5 26. Bd4 Bxd4 27. Rxd4 f6 28. Rxa3 fxe5 29. Nxe5 a5 30. Rd7 Rd8 31. Rxc7 Rd1+ 32. Kg2 Nd6 33. Rxa5 Ne4 34. Nd3 Nxf2 35. Raa7 Kh8 36. Rf7 1-0

[Event "Plovdiv Tringov Memorial 34th"]
[Site "Plovdiv"]
[Date "2012.02.03"]
[Round "7"]
[White "Vlashki, Nino"]
[Black "Piscopo, Pierluigi"]
[Result "1/2-1/2"]
[WhiteElo "2235"]
[BlackElo "2386"]
[PlyCount "43"]
[EventDate "2012.01.29"]
[EventType "swiss"]
[EventRounds "9"]
[EventCountry "BUL"]
[SourceTitle "CBM 146 Extra"]
[Source "ChessBase"]
[SourceDate "2012.02.29"]
[SourceVersion "1"]
[SourceVersionDate "2012.02.29"]
[SourceQuality "1"]

1. Nf3 Nf6 2. g3 g6 3. Bg2 Bg7 4. 0-0 0-0 5. d3 d6 6. e4 c5 7. Nc3 Nc6 8. Re1 Bg4 9. h3 Bxf3 10. Qxf3 Rb8 11. a4 a6 12. Qd1 b5 13. axb5 axb5 14. f4 b4 15. Ne2 e5 16. c3 bxc3 17. bxc3 exf4 18. Bxf4 Nh5 19. Be3 Rb2 20. g4 Nf6 21. Rb1 Ra2 22. d4 1/2-1/2